MARC details
| 000 -LEADER |
| fixed length control field |
01978cam a2200373 a 4500 |
| 001 - CONTROL NUMBER |
| control field |
16621066 |
| 003 - CONTROL NUMBER IDENTIFIER |
| control field |
GZU |
| 005 - DATE AND TIME OF LATEST TRANSACTION |
| control field |
20210309141845.0 |
| 008 - FIXED-LENGTH DATA ELEMENTS--GENERAL INFORMATION |
| fixed length control field |
110118s2011 nyuab b 001 0 eng |
| 010 ## - LIBRARY OF CONGRESS CONTROL NUMBER |
| LC control number |
2011001950 |
| 020 ## - INTERNATIONAL STANDARD BOOK NUMBER |
| International Standard Book Number |
9781107009912 (hardback) |
| 035 ## - SYSTEM CONTROL NUMBER |
| System control number |
(DNLM)101551758 |
| 040 ## - CATALOGING SOURCE |
| Original cataloging agency |
DNLM/DLC |
| Transcribing agency |
DLC |
| Modifying agency |
DLC |
| 042 ## - AUTHENTICATION CODE |
| Authentication code |
pcc |
| 043 ## - GEOGRAPHIC AREA CODE |
| Geographic area code |
f-sa--- |
| 050 00 - LIBRARY OF CONGRESS CALL NUMBER |
| Classification number |
RA643.86. |
| Item number |
MCN 2011 |
| 100 1# - MAIN ENTRY--PERSONAL NAME |
| Personal name |
McNeill, Fraser G., |
| Dates associated with a name |
1977- |
| Relator term |
author |
| 245 10 - TITLE STATEMENT |
| Title |
AIDS, politics, and music in South Africa / |
| Statement of responsibility, etc. |
Fraser G. McNeill. |
| 260 ## - PUBLICATION, DISTRIBUTION, ETC. |
| Place of publication, distribution, etc. |
New York : |
| Name of publisher, distributor, etc. |
Cambridge University Press, |
| Date of publication, distribution, etc. |
2011. |
| 300 ## - PHYSICAL DESCRIPTION |
| Extent |
xxv, 278 p. : |
| Other physical details |
ill, maps ; |
| Dimensions |
24 cm. |
| 490 0# - SERIES STATEMENT |
| Series statement |
International African library ; |
| Volume/sequential designation |
no. 42 |
| 504 ## - BIBLIOGRAPHY, ETC. NOTE |
| Bibliography, etc. note |
Includes bibliographical references (p. 251-271) and index. |
| 505 8# - FORMATTED CONTENTS NOTE |
| Formatted contents note |
Machine generated contents note: 1. Introduction: AIDS, politics and music; 2. The battle for Venda kingship; 3. A rite to AIDS education? Venda girls' initiation and HIV prevention; 4. 'We want a job in the government': motivation and mobility in AIDS peer education; 5. 'We sing about what we cannot talk about': biomedical AIDS knowledge in stanza; 6. Guitar songs and 'sexy women': a folk cosmology of AIDS; 7. 'Condoms cause AIDS': poison, prevention, and degrees of separation; 8. Conclusion. |
| 520 ## - SUMMARY, ETC. |
| Summary, etc. |
"This book offers an original anthropological approach to the AIDS epidemic in South Africa by arguing that music is central to understanding how AIDS interventions operate"--Provided by publisher. |
| 650 #0 - SUBJECT ADDED ENTRY--TOPICAL TERM |
| Topical term or geographic name entry element |
HIV infections |
| General subdivision |
Prevention |
| Geographic subdivision |
South Africa. |
| 650 #0 - SUBJECT ADDED ENTRY--TOPICAL TERM |
| Topical term or geographic name entry element |
HIV infections |
| General subdivision |
Social aspects |
| Geographic subdivision |
South Africa. |
| 650 #0 - SUBJECT ADDED ENTRY--TOPICAL TERM |
| Topical term or geographic name entry element |
Music |
| Geographic subdivision |
South Africa. |
| 650 12 - SUBJECT ADDED ENTRY--TOPICAL TERM |
| Topical term or geographic name entry element |
HIV Infections |
| General subdivision |
prevention & control |
| Geographic subdivision |
South Africa. |
| 650 22 - SUBJECT ADDED ENTRY--TOPICAL TERM |
| Topical term or geographic name entry element |
Anthropology, Cultural |
| Geographic subdivision |
South Africa. |
| 650 22 - SUBJECT ADDED ENTRY--TOPICAL TERM |
| Topical term or geographic name entry element |
Health Knowledge, Attitudes, Practice |
| Geographic subdivision |
South Africa. |
| 650 22 - SUBJECT ADDED ENTRY--TOPICAL TERM |
| Topical term or geographic name entry element |
Music |
| Geographic subdivision |
South Africa. |
| 906 ## - LOCAL DATA ELEMENT F, LDF (RLIN) |
| a |
7 |
| b |
cbc |
| c |
orignew |
| d |
1 |
| e |
ecip |
| f |
20 |
| g |
y-gencatlg |
| 942 ## - ADDED ENTRY ELEMENTS (KOHA) |
| Source of classification or shelving scheme |
Library of Congress Classification |
| Koha item type |
Books |
| Classification part |
643.86 |
| Item part |
MCN |
| Call number prefix |
RA |